000 01097cam a22003377a 4500
003 CHAP
005 20220817041058.0
008 971013s1990 r 00010 d
010 _a5960
011 _a6932
035 _a6155
040 _cCHAP
082 _a080
_bL6 v.46
100 0 0 _aSanderson, Steven E.
_9102045
245 1 3 _aLa transformación de la agricultura mexicana
_b: estructura internacional y política del cambio rural
260 _aMéxico, D.F. :
_bAlianza Editorial Mexicana,
_c1990
300 _a290 p.
490 4 _aLos noventa
_v; 46
500 _a60-102
500 _aSe clasif. tambien en: 630.972/S35
590 _aBATCH-UPD
_b10
_c20130110
_lUCH01
_h1144
590 _aBATCH-UPD
_b10
_c20130410
_lUCH01
_h0729
590 _aBATCH-UPD
_b10
_c20130914
_lUCH01
_h0038
590 _aCONVERSION
_b10
_c20130109
_lUCH01
_h1304
650 1 4 _aAgricultura
_zMéxico.
_91932
650 1 4 _aPolítica agrícola
_zMéxico.
830 4 _aLos noventa
_v; 46
_968574
901 _aBK
942 _cLIBRO
949 _a080 L6 v.46
_bBC
_cLIBRO
_d33724000306346
_eLIBRO
_h82789
_i6155
_si
_t25.00
999 _c5960
_d5960